000 02389nam0a2200433 4500
001 RU\NLR\bibl\1503396
005 20250616020835.0
010 _a978-5-7598-0734-6
_91000
021 _aRU
_b2010-15102
_91007
035 _a(nilc)RSL-KNO-004591654
035 _a(NLR Aleph) 001494835
090 _a1781455
_c1781455
100 _a20100304d2010 |||y0rusy50 ca
101 1 _arus
_ceng
102 _aRU
105 _ay zzzz|||||
200 1 _aБорьба и демократия в Европе, 1650-2000 гг.
_fЧарльз Тилли
_gпер. с англ. Александра Калинина
210 _aМосква
_cИздательский дом Государственного университета - Высшей школы экономики
_d2010
215 _a436 с.
_cил.
_d22
225 1 _aСерия Политическая теория
_fсост. и науч. ред. Валерий Анашвили
300 _aЗагл. и авт. ориг.: Contention and democracy in Europe, 1650-2000 / Charles Tilly
320 _aБиблиогр.: с. 411-436
454 0 _12001#$aContention and democracy in Europe, 1650-2000$fCharles Tilly
_1700#1$aTilly$bC.$gCharles$4070
_tContention and democracy in Europe, 1650-2000
_aTilly, Charles
606 1 _aДемократия
_yЕвропейские страны
_92415836
_3RU\NLR\auth\661439043
607 _aЕвропейские страны
_xПолитика и управление
_z17 - 20 вв.
_92307587
_3RU\NLR\auth\661381212
610 0 _aИстория. Исторические науки -- Всемирная история -- Новая история (1640-1917) -- Классовая борьба. Общественно-политические движения
610 0 _aИстория. Исторические науки -- Всемирная история -- Новейшая история (1917- ) -- Классовая борьба. Общественно-политические движения
686 _aТ3(0)5-4,02
_2rubbk
686 _aТ3(0)6-4,02
_2rubbk
686 _aТ3(0)5/6-5
686 _aФ3(0)125
686 _aФ3(0)3
700 1 _aТилли
_bЧ.
_f1929-2008
_gЧарльз
_4070
801 0 _aRU
_bРГБ
_c20100304
_grcr
801 1 _aRU
_bРГБ
_c20100304
801 2 _aRU
_bNLR
_c20100422
_grcr
942 _cBOOK
980 _aNB